000
00316nam a22001337a 4500
003
SGT
020
_a
9789395009034
082
_a
080
_b
U22P
100
_a
PRADHAN, DHARMENDRA
245
_a
UNIVERSITY OF DELHI: A GLORIOUS JOURNEY 1922-2022
260
_b
UNIVERSITY OF DELHI
_c
2022
300
_a
290
942
_2
ddc
_c
BK
999
_c
31456
_d
31456